| 000 -LEADER |
| fixed length control field |
01687nam a2200157 4500 |
| 008 - FIXED-LENGTH DATA ELEMENTS--GENERAL INFORMATION |
| fixed length control field |
190225b ||||| |||| 00| 0 eng d |
| 100 ## - MAIN ENTRY--PERSONAL NAME |
| Personal name |
Butorac, Sean Kim |
| 245 ## - TITLE STATEMENT |
| Title |
Hannah Arendt, James Baldwin, and the politics of love |
| 260 ## - PUBLICATION, DISTRIBUTION, ETC. (IMPRINT) |
| Date of publication, distribution, etc |
2018 |
| 300 ## - PHYSICAL DESCRIPTION |
| Extent |
p.710-721. |
| 520 ## - SUMMARY, ETC. |
| Summary, etc |
Does love have a place in the inherently conflictual realm of democratic politics, particularly in a racialized democracy? This article engages the question of love’s politics by way of Hannah Arendt’s critique of James Baldwin’s “Letter from a Region in My Mind.” Troubled by his “gospel of love,” Arendt wrote to Baldwin, warning him that in politics, love will achieve nothing “except hypocrisy.” Contra Arendt, who argues that love is antipolitical, I show how Baldwin utilizes love to reclaim the lost promise of American democracy. Synthesizing Baldwin’s essays published between 1955–1972, my argument proceeds in two parts: part 1 focuses on the psychological and embodied demands of love, which, for Baldwin, are vital in transforming the consciousness of white and black Americans. Part 2 focuses on Baldwin’s critique of property, linking the project of self-transformation to the need for structural transformation. I show how love enables us to condemn the exploitative logic of capitalism and imagine new modes of relationality. In charting this underexplored point of contact between these thinkers, this article complicates Arendt’s critique of love and sheds new light on the role of love in Baldwin’s political thought. - Reproduced. |
| 650 ## - SUBJECT ADDED ENTRY--TOPICAL TERM |
| Topical term or geographic name as entry element |
Race |
| 9 (RLIN) |
2501 |
| 773 ## - HOST ITEM ENTRY |
| Main entry heading |
Political Research Quarterly |
| 906 ## - LOCAL DATA ELEMENT F, LDF (RLIN) |
| Subject DIP |
Democracy |
| 942 ## - ADDED ENTRY ELEMENTS (KOHA) |
| Source of classification or shelving scheme |
|
| Item type |
Articles |